000 01036nam a2200277Ia 4500
003 OSt
005 20221005104922.0
006 a|||||r|||| 00| 0
007 ta
008 221004b |||||||| |||| 00| 0 hin d
020 _a818718292x (hbk)
_cIndian Rupees 150
024 _a39059
037 _bGift, 05/09/2018,
_cTextual
040 _aCRL
_cCRL
_bhin
041 _2hin
_ahin
082 _aV2:51y7N07, 152Q2
100 _aरस्तोगी, सुभाष, ले.
245 0 _aअमर क्रांतिकारी सुखदेव
246 _aAmar krāantikārī sukhadeva
260 _aदिल्ली
_bसूर्य भारती प्रकाशन भारत
_c2012
300 _a96पृ0
_ccm.
650 _a सुखदेव
650 _aभारतीय स्वतंत्रता सेनानी
_9156352
942 _hV2:51y7N07, 152Q2
_cTEXL
_2cc
999 _c1014188
_d1014188